Dr. Josep Trueta : esbós d'una obra exemplar / Josep Antoni Bombí (Coordinador) esbós d'una obra exemplar / Josep Antoni Bombí (Coordinador)
ISBN:
84-475-2489-2
Descripción Física:
59 p. : il. (algunes col.) ; 24 cm
Otros Autores:
Bombí, Josep Antoni
MARC
| LEADER | 00000nam a2200000Ia 4500 | ||
|---|---|---|---|
| 001 | 17375 | ||
| 008 | 160829s2001 xx 000 0 cat d | ||
| 020 | |a 84-475-2489-2 | ||
| 080 | |a C-2-423 | ||
| 245 | |a Dr. Josep Trueta : |b esbós d'una obra exemplar / Josep Antoni Bombí (Coordinador) | ||
| 260 | |a Barcelona : |b Publicacions de la Universitat de Barcelona, |c 2001 | ||
| 300 | |a 59 p. : |b il. (algunes col.) ; |c 24 cm | ||
| 590 | |a Apèndix amb els dibuixos del Dr. Trueta | ||
| 600 | 0 | |a Trueta, Josep, |d 1897-1977 |9 42571 | |
| 650 | |a Medicina |x Catalunya |x Història |9 37282 | ||
| 700 | 1 | |a Bombí, Josep Antoni |9 27201 | |
| 901 | |a Arxiu | ||
| 942 | |n 1 | ||
| 952 | |0 0 |1 0 |4 0 |6 C2423 |7 1 |9 44308 |a Arxiu |b Arxiu |d 2016-12-01 |l 0 |o C-2-423 |p 17375 |r 2016-12-01 00:00:00 |w 2016-12-01 |y ARXIU | ||
| 999 | |c 46888 |d 46888 | ||